Imperata cylindrica in smallholder rubber-based farming systems in Indonesia (Record no. 60791)

MARC details
000 -LEADER
fixed length control field 01300nam a2200205Ia 4500
100 ## - MAIN ENTRY--AUTHOR NAME
Personal name Conroy C
245 #0 - TITLE STATEMENT
Title Imperata cylindrica in smallholder rubber-based farming systems in Indonesia
260 ## - PUBLICATION, DISTRIBUTION, ETC. (IMPRINT)
Name of publisher In Brighton crop protection conference : weeds. : Proceedings of an international conference, Brighton, U K, 20-23 November 1995
Year of publication 1995
300 ## - PHYSICAL DESCRIPTION
Number of Pages 163-168
500 ## - GENERAL NOTE
General note Source Year: 1996
520 ## - SUMMARY, ETC.
Summary, etc Imperata cylindrica is a major problem weed for smallholder rubber producers in Indonesia as it is difficult to clear, very competitive with young rubber trees [Hevea brasiliensis] and highly combustible in the dry season. Research started in October 1994 showeed that the severity of the problems that it posed varied significantly from one farming system to another. There was also considerable variation in the nature of the control measures used. In some areas most smallholders relied entirely on manual control, but in the Batumarta transmigration area nearly all of them used glyphosate, although in ways that differ from recommeded practice.
650 ## - SUBJECT ADDED ENTRY--TOPICAL TERM
Topical Term Hevea brasiliensis
650 ## - SUBJECT ADDED ENTRY--TOPICAL TERM
Topical Term Imperata cylindrica
650 ## - SUBJECT ADDED ENTRY--TOPICAL TERM
Topical Term Indonesia
650 ## - SUBJECT ADDED ENTRY--TOPICAL TERM
Topical Term Weed control
700 ## - ADDED ENTRY--PERSONAL NAME
Personal name Bahnall-Oakeley H
856 ## - ELECTRONIC LOCATION AND ACCESS
Uniform Resource Identifier HOA
942 ## - ADDED ENTRY ELEMENTS (KOHA)
Koha item type Journals
Holdings
Withdrawn status Lost status Damaged status Not for loan Home library Current library Shelving location Date acquired Serial Enumeration / chronology Koha item type
      Journals RRII Library RRII Library Soils and agonomy 17/12/2021 Volume 1, Issue Journals